Responsabilidade fiscal : (Record no. 555)

MARC details
000 -LÍDER
Campo Fixo de Controle 00864nam a2200253 a 4500
001 - NÚMERO DE CONTROLE
Campo de Controle 555
003 - IDENTIFICAÇÃO DO NÚMERO DE CONTROLE
Campo de Controle BR-CuiBMT
005 - DATA E HORA DA ÚLTIMA ATUALIZAÇÃO
Campo de Controle 20231109220126.0
008 - DADOS FIXOS
Dados Fixos 231101s2006 mgba 001 0 por d
020 ## - INTERNATIONAL STANDARD BOOK NUMBER
Nº do ISBN 8589148971
040 ## - AGÊNCIA CATALOGADORA
Código da Agência Catalogadora BR-CuiBMT
Agência que transcreveu o registro BR-CuiBMT
080 ## - Nº DA CLASSIFICAÇÃO DECIMAL UNIVERSAL
Nº Class. CDU 351.72
Nº edição CDU 2007
090 ## - NÚMERO DE CHAMADA
Nº classificação 351.72
Cutter F475r
100 1# - ENTRADA PRINCIPAL -- AUTOR PESSOAL
Nome pessoal Figueiredo, Carlos Maurício Cabral,
Datas associadas ao nome 1965-
245 00 - TÍTULO PRINCIPAL
Título principal Responsabilidade fiscal :
Subtítulo aspectos polêmicos /
Indicação de responsabilidade Carlos Maurício Cabral Figueiredo, Marcos Nóbrega.
260 ## - PUBLICAÇÃO, DISTRIBUIÇÃO, ETC.
Local de publicação Belo Horizonte:
Editora Fórum,
Data 2006.
300 ## - DESCRIÇÃO FÍSICA
N. páginas ou volumes 249 p. ;
Ilustrações il. :
Dimensões 22 cm
504 ## - NOTA DE BIBLIOGRAFIA, ETC.
Nota de bibliografia Inclui bibliografia e índice.
650 ## - ASSUNTO TÓPICO
Cabeçalho tópico ou nome geográfico Lei de Responsabilidade fiscal
Subdivisão geográfica Brasil
650 ## - ASSUNTO TÓPICO
Cabeçalho tópico ou nome geográfico Finanças públicas
Subdivisão de forma Legislação
Subdivisão geográfica Brasil
650 ## - ASSUNTO TÓPICO
Cabeçalho tópico ou nome geográfico Administração pública
Subdivisão geral Responsabilidade tributária
Subdivisão geográfica Brasil
700 1# - ENTRADA SECUNDÁRIA -- NOME PESSOAL
Nome pessoal Nóbrega, Marcos,
Datas associadas ao nome 1969-
942 ## - ELEMENTOS DE ENTRADA ADICIONAIS (KOHA)
Fonte de classificação ou esquema de arquivamento Classificação Decimal Universal
Tipo de item do Koha Livros
Holdings
Estado: removido Estado: perdido Fonte de classificação ou esquema de arquivamento Estado: danificado Indisponível para empréstimo Localização permanente Localização atual Data de aquisição Total Checkouts Número de Chamada completo Código de barras Date last seen Número do exemplar Preço efetivo a partir de Tipo de item (Koha)
    Classificação Decimal Universal     Biblioteca da Escola Superior de Contas do TCE/MT Biblioteca da Escola Superior de Contas do TCE/MT 02/04/2013   351.72 F475r BIBTCEMT23110222 07/11/2023 Ex. 1 07/11/2023 Livros
    Classificação Decimal Universal     Biblioteca da Escola Superior de Contas do TCE/MT Biblioteca da Escola Superior de Contas do TCE/MT 02/04/2013   351.72 F475r BIBTCEMT23110223 07/11/2023 Ex. 2 07/11/2023 Livros
    Classificação Decimal Universal     Biblioteca da Escola Superior de Contas do TCE/MT Biblioteca da Escola Superior de Contas do TCE/MT 02/04/2013   351.72 F475r BIBTCEMT23110355 09/11/2023 Ex. 3 09/11/2023 Livros
    Classificação Decimal Universal     Biblioteca da Escola Superior de Contas do TCE/MT Biblioteca da Escola Superior de Contas do TCE/MT 02/04/2013   351.72 F475r BIBTCEMT23110387 09/11/2023 Ex. 4 09/11/2023 Livros

Powered by Koha